|
|
|
|
| LEADER |
00671ntm a2200169 i 4500 |
| 001 |
misc46855 |
| 005 |
20201001114049.0 |
| 008 |
200513s1909 hu o 0|| hun d |
| 040 |
|
|
|a SZTE Miscellanea Repozitórium
|b hun
|
| 041 |
|
|
|a hun
|
| 100 |
1 |
|
|a Deák Péter
|
| 245 |
1 |
2 |
|a A nagykanizsai rendőr főkapitány jelentése a nagykanizsai polgármesternek a cigány bűnözésről
|h [elektronikus dokumentum] /
|c Deák Péter
|
| 260 |
|
|
|c 1909-08-03
|
| 300 |
|
|
|a 3 p.
|
| 561 |
|
|
|a Herrmann Antal hagyaték
|
| 695 |
|
|
|a cigánykérdés, cigány bűnözés, rendőri jelentés
|
| 856 |
4 |
0 |
|u http://misc.bibl.u-szeged.hu/46855/1/hermann_antal_ms_1934_004_egyeb_092.pdf
|z Dokumentum-elérés
|